Countries Which Export the Most... #1 - Statistics

General Stats
  • This quiz has been taken 101 times
  • The average score is 6 of 20
Answer Stats
Export Country % Correct
Oil Saudi Arabia
92%
Cars Germany
76%
Wine Italy
69%
Telephones China
49%
Arms United States
46%
Oranges Brazil
37%
Fireworks China
31%
Vanilla Madagascar
31%
Flower Bouquets Netherlands
29%
Raw Cotton United States
22%
Iron ore Australia
15%
Bananas Ecuador
13%
Uranium Kazakhstan
13%
Electricity Germany
11%
Diamonds India
9%
Silver Mexico
9%
Aluminium Russia
9%
Pork Spain
7%
Pineapples Costa Rica
6%
Video Game Consoles Netherlands
2%
No matching quizzes found
Score Distribution
Percent of People with Each Score
Percentile by Number Answered
Your Score History
You have not taken this quiz